| 000 | 01423nam a22004217a 4500 | ||
|---|---|---|---|
| 003 | CHAP | ||
| 005 | 20220817042947.0 | ||
| 008 | 971013s1996 r 00010 d | ||
| 010 | _a61245 | ||
| 011 | _a62217 | ||
| 035 | _a66391 | ||
| 040 | _cCHAP | ||
| 090 | _aTesis | ||
| 100 | 0 | 0 |
_aMartínez Castillo, Marco Aurelio. _971910 |
| 245 | _aProducción y calidad de forrajeras en Tlanchinol, Hidalgo | ||
| 260 |
_aChapingo, Méx. : _bEl autor, _c1996 |
||
| 300 | _a66 h. | ||
| 502 | _aTesis (Ing. Agr. Esp. en Zootecnia) -- UACH. Departamento de Zootecnia | ||
| 590 |
_aALEPH _b10 _c20130110 _lUCH01 _h1341 |
||
| 590 |
_aBATCH-UPD _b10 _c20130110 _lUCH01 _h0121 |
||
| 590 |
_aBATCH-UPD _b10 _c20130110 _lUCH01 _h0812 |
||
| 590 |
_aBATCH-UPD _b10 _c20130410 _lUCH01 _h0449 |
||
| 590 |
_aBATCH-UPD _b10 _c20130914 _lUCH01 _h0501 |
||
| 590 |
_aBATCH-UPD _b10 _c20130914 _lUCH01 _h2055 |
||
| 590 |
_aCONVERSION _b10 _c20130109 _lUCH01 _h1333 |
||
| 650 | 1 | 4 |
_aAxonopus. _98905 |
| 650 | 1 | 4 |
_aDactylis glomerata. _930865 |
| 650 | 1 | 4 |
_aLolium perenne. _967505 |
| 650 | 1 | 4 | _aLotus corniculatus. |
| 650 | 1 | 4 |
_aOnobrychis viciaefolia. _983320 |
| 650 | 1 | 4 |
_aPennisetum clandestinum. _986706 |
| 650 | 1 | 4 |
_aPlantas forrajeras _xHidalgo. _988967 |
| 650 | 1 | 4 |
_aTrébol blanco. _9115252 |
| 901 | _aBK | ||
| 942 | _cFOLL | ||
| 949 |
_bBC _cTES _d-151573 _eTS1 _h29559 _i66391 _si |
||
| 949 |
_bBC _cTES _d33724000623252 _eTS2 _fc.2 _h29560 _i66391 _si |
||
| 999 |
_c61245 _d61245 |
||